=LDR 00000nam 2200000 4500 =001 INLIS000000000006341 =005 20130612094502 =008 ***********************************Ind** =035 ##$$0010-061300000006341 =041 ##$$a Ind =082 ##$$a 181.16 =090 ##$$a 181.16, Sun m =100 ##$$a Sunoto =245 ##$$a Menuju filsafat indonesia/Sunoto =260 ##$$a 1981 $b Yogyakarta =300 ##$$a iv, 120 hlm. ; 22 cm =650 ##$$a Filsafat Indonesia =850 ##$$a NBPNMAT